[Event "TUR Cup"]
[Site "Antalya"]
[Date "2019.01.27"]
[Round "1"]
[White "Arat, Ufuk Sezen"]
[Black "Ulupinar, Furkan"]
[Result "1-0"]
[WhiteElo "2361"]
[BlackElo "1578"]
[PlyCount "61"]
[EventDate "2019.01.27"]
[EventType "swiss"]
[EventRounds "11"]
[EventCountry "TUR"]
[SourceTitle "CBM 188 Extra"]
[Source "ChessBase"]
[SourceDate "2019.02.26"]
[SourceVersion "1"]
[SourceVersionDate "2019.02.26"]
[SourceQuality "1"]

1. e4 c5 2. Nc3 Nc6 3. g3 g6 4. Bg2 Bg7 5. d3 d6 6. Be3 e6 7. Qd2 Nd4 8. Nd1 Nf6 9. c3 Nc6 10. Bh6 Bxh6 11. Qxh6 Qe7 12. Ne2 Bd7 13. 0-0 Qf8 14. Qd2 Qe7 15. Ne3 0-0 16. f4 Rfe8 17. g4 Rab8 18. Ng3 Kh8 19. Rf2 Rg8 20. Raf1 Rbf8 21. d4 h5 22. g5 Ne8 23. d5 Nd8 24. h4 f6 25. dxe6 Bxe6 26. f5 Bf7 27. fxg6 Bxg6 28. Ngf5 Bxf5 29. Nxf5 Qe5 30. Qd1 Ng7 31. Nh6 1-0